00402nam a2200133 i 450000100060000000300090000600500170001500700030003200800410003511000590007624500770013526000310021285200250024351989ES-MaACL20230906162502.0t|201022s1883 sp ||||1| spa d2 aSociedad Material para Ferrocarriles y Construcción.10aMemoria presentada al jurado de la Exposición de Minería... en 1883. aMadrid : b[s.n.], c1883. aES-MaACLjT-383-F-13